Normal view
MARC view
Entry Topical Term
001 - CONTROL NUMBER
- control field: 16466
003 - CONTROL NUMBER IDENTIFIER
- control field: BD-RjUL
005 - DATE AND TIME OF LATEST TRANSACTION
- control field: 20250804164558.0
008 - FIXED-LENGTH DATA ELEMENTS
- fixed length control field: 250804|| aca||aabn | a|a d
040 ## - CATALOGING SOURCE
- Original cataloging agency: BD-RjUL
- Transcribing agency: BD-RjUL
150 ## - HEADING--TOPICAL TERM
- Topical term or geographic name entry element: English poetry
- Chronological subdivision: Middle English, 1100-1500
670 ## - SOURCE DATA FOUND
- Source citation: Work cat.: (BD-RjUL)85443: Morris, Richard, 1833-1894 16465, Early English alliterative poems in the West-Midland dialect of the fourteenth century./, [1965]